Good practice briefing (Record no. 103858)

MARC details
000 -LEADER
fixed length control field 01226cam a2200361 4500
001 - CONTROL NUMBER
control field J128031
008 - FIXED-LENGTH DATA ELEMENTS--GENERAL INFORMATION
fixed length control field 000000n2002 000 0 eng u
035 ## - SYSTEM CONTROL NUMBER
System control number (Sirsi) u128031
041 ## - LANGUAGE CODE
Language code of text/sound track or separate title eng
050 ## - LIBRARY OF CONGRESS CALL NUMBER
Classification number 306
-- 18
110 ## - MAIN ENTRY--CORPORATE NAME
Corporate name or jurisdiction name as entry element Chartered Institute of Housing
9 (RLIN) 2394
245 ## - TITLE STATEMENT
Title Good practice briefing
Remainder of title strategic approaches to homelessness - issue 24 December 2002
260 ## - PUBLICATION, DISTRIBUTION, ETC.
Place of publication, distribution, etc. Coventry
-- Chartered Institute of Housing
Date of publication, distribution, etc. 2002
300 ## - PHYSICAL DESCRIPTION
Extent 15p.
Dimensions 30cm.
350 ## - PRICE (NR) (BK AM CF MU VM SE) [OBSOLETE]
Price 10
490 ## - SERIES STATEMENT
Series statement CIH Good Practice Briefing
Volume/sequential designation 24
505 ## - FORMATTED CONTENTS NOTE
Formatted contents note Legislative and policy context
505 ## - FORMATTED CONTENTS NOTE
Formatted contents note Homelessness strategies
505 ## - FORMATTED CONTENTS NOTE
Formatted contents note Preventing homelessness
505 ## - FORMATTED CONTENTS NOTE
Formatted contents note Housing advice
505 ## - FORMATTED CONTENTS NOTE
Formatted contents note Temporary accommodation
505 ## - FORMATTED CONTENTS NOTE
Formatted contents note Rehousing and resettlement
505 ## - FORMATTED CONTENTS NOTE
Formatted contents note Registered social landlords and homelessness
505 ## - FORMATTED CONTENTS NOTE
Formatted contents note Multi-agency working
505 ## - FORMATTED CONTENTS NOTE
Formatted contents note Peformance and continuous improvement
520 ## - SUMMARY, ETC.
Summary, etc. This Briefing provides examples of good and innovative practice in the area of homelessness. References and websites.
650 ## - SUBJECT ADDED ENTRY--TOPICAL TERM
Topical term or geographic name entry element REGISTERED SOCIAL LANDLORDS
650 ## - SUBJECT ADDED ENTRY--TOPICAL TERM
Topical term or geographic name entry element HOMELESSNESS
650 ## - SUBJECT ADDED ENTRY--TOPICAL TERM
Topical term or geographic name entry element REHOUSING
650 ## - SUBJECT ADDED ENTRY--TOPICAL TERM
Topical term or geographic name entry element TEMPORARY ACCOMMODATION
690 ## - LOCAL SUBJECT ADDED ENTRY--TOPICAL TERM (OCLC, RLIN)
Topical term or geographic name as entry element HOUSING
942 ## - ADDED ENTRY ELEMENTS (KOHA)
Suppress in OPAC 0
Holdings
Withdrawn status Lost status Source of classification or shelving scheme Damaged status Not for loan Home library Current library Shelving location Date acquired Total Checkouts Full call number Barcode Date last seen Copy number Price effective from Koha item type
    Dewey Decimal Classification     London London Enquiry desk 22/11/2004   BOXED SET 30069704 06/08/2019 1 06/08/2019 Book